Catalog

Record Details

Catalog Search



Babylon and the Bible  Cover Image Book Book

Babylon and the Bible / Gerald A. Larue

Larue, Gerald A. (Author).

Record details

  • Physical Description: 86 p.
  • Publisher: Grand Rapids, Michigan Baker Book House 1969

Available copies

  • 1 of 1 copy available at Common Catalog SPOK.

Holds

  • 0 current holds with 1 total copy.
Show Only Available Copies
Location Call Number / Copy Notes Barcode Shelving Location Status Due Date
ETS Library 913.5 424470000917 Volný výběr Available -

LDR 00624nam a2 00229
00132572
003CZ-PrJAB
00520030307000000.0
008030307s1969 xxu e |||| |eng
009us
035 . ‡a(CONS)515
035 . ‡aKPS125
041 . ‡aeng
08214. ‡a913.5
100 . ‡73604 ‡aLarue, Gerald A.
245 . ‡aBabylon and the Bible / ‡cGerald A. Larue
260 . ‡aGrand Rapids, Michigan ‡bBaker Book House ‡c1969
300 . ‡a86 p.
490 . ‡aBaker studies in biblical archaeology
653 . ‡aBabylon and the Bible
8524 . ‡bETS ‡bETS ‡cVolný výběr ‡j913.5 ‡gA ‡p424470000917
910 . ‡aABG450
999 . ‡a515 ‡bAUTOGEN ‡c515 ‡tbiblio
905 . ‡uadmin
901 . ‡a32572 ‡b ‡c32572 ‡tbiblio ‡sets

Additional Resources